00421nam a2200121Ia 4500008004100000020002200041100002600063245009800089260003500187300002600222650002700248650002400275200918s9999 xx 000 0 und d a978-621-427-046-0 aSarmiento, Marygin E. cMarygin E. Sarmiento, Marmelo V. AbanteaCSS and networking:bguide for CCNA and CSS (NC II)/ aManila:bUnlimited Booksc2019 aiv, 366 pagesc25 cm. aCascading style sheets aWeb sites -- design